00699naa a2200229 a 450000100080000000500110000800800410001910000180006024501180007826000090019665300090020565300200021465300140023465300160024870000240026470000150028870000210030370000200032470000190034470000220036377300840038510612062008-10-22 1995 bl uuuu u00u1 u #d1 aGIRARD, C. L. aIsolamenro de protoplastos de polpa de maca (Malus domestica Borkh) em diferentes estadios de maturacao do fruto. c1995 aMaca aMalus domestica aMaturacao aProtoplasto1 aSOARES, L. A. de S.1 aVIEGAS, J.1 aSILVA, J. B. da.1 aBILHALVA, A. B.1 aGNOATTO, S. C.1 aPONTE, E. M. DEL. tRevista Brasileira de Fruticultura, Cruz das Almasgv.17, n.1, p.103-107, 1995.